Hướng dẫn giải bài tập kinh tế vĩ mô
v.v...
Đã lưu trong:
| Tác giả chính: | |
|---|---|
| Định dạng: | Sách |
| Năm xuất bản: |
H.
Đại học kinh tế Quốc dân
2007
|
| Chủ đề: | |
| Tags: |
Thêm thẻ
Không có thẻ, Hãy là người đầu tiên gắn thẻ bản ghi này!
|
| LEADER | 03083nam a2200349 4500 | ||
|---|---|---|---|
| 082 | |a 339.076 |b NG527V | ||
| 100 | |a Nguyễn Văn Ngọc | ||
| 245 | |a Hướng dẫn giải bài tập kinh tế vĩ mô |c Nguyễn Văn Ngọc, Hoàng Yến | ||
| 260 | |a H. |b Đại học kinh tế Quốc dân |c 2007 | ||
| 300 | |a 255 tr. |c 24 cm | ||
| 520 | |a v.v... | ||
| 653 | |a Kinh tế | ||
| 653 | |a Kinh tế vĩ mô | ||
| 653 | |a Bài tập | ||
| 653 | |a hướng dẫn giải | ||
| 942 | |2 ddc |c STK0 | ||
| 999 | |c 9381 |d 9381 | ||
| 952 | |0 0 |1 0 |2 ddc |4 0 |6 339_076000000000000_NG527V |7 0 |8 300 |9 75131 |a qbu |b qbu |c D2 |d 2015-05-10 |g 53900 |l 1 |o 339.076 NG527V |p 9211.c1 |r 2019-03-11 |s 2019-02-26 |w 2015-05-10 |y STK0 | ||
| 952 | |0 0 |1 0 |2 ddc |4 0 |6 339_076000000000000_NG527V |7 0 |8 300 |9 75132 |a qbu |b qbu |c D2 |d 2015-05-10 |g 53900 |l 5 |m 3 |o 339.076 NG527V |p 9211.c2 |r 2020-06-25 |s 2020-06-11 |w 2015-05-10 |y STK0 | ||
| 952 | |0 0 |1 0 |2 ddc |4 0 |6 339_076000000000000_NG527V |7 0 |8 300 |9 75133 |a qbu |b qbu |c D2 |d 2015-05-10 |g 53900 |l 3 |m 2 |o 339.076 NG527V |p 9211.c3 |r 2020-07-17 |s 2020-06-29 |w 2015-05-10 |y STK0 | ||
| 952 | |0 0 |1 0 |2 ddc |4 0 |6 339_076000000000000_NG527V |7 0 |8 300 |9 75134 |a qbu |b qbu |c D2 |d 2015-05-10 |g 53900 |l 2 |o 339.076 NG527V |p 9211.c4 |r 2020-07-13 |s 2020-06-29 |w 2015-05-10 |y STK0 | ||
| 952 | |0 0 |1 0 |2 ddc |4 0 |6 339_076000000000000_NG527V |7 0 |8 300 |9 75135 |a qbu |b qbu |c D2 |d 2015-05-10 |g 53900 |l 2 |o 339.076 NG527V |p 9211.c5 |r 2016-09-13 |s 2016-08-30 |w 2015-05-10 |y STK0 | ||
| 952 | |0 0 |1 0 |2 ddc |4 0 |6 339_076000000000000_NG527V |7 0 |8 300 |9 75136 |a qbu |b qbu |c D2 |d 2015-05-10 |g 53900 |l 3 |m 1 |o 339.076 NG527V |p 9211.c6 |r 2019-04-17 |s 2019-03-29 |w 2015-05-10 |y STK0 | ||
| 952 | |0 0 |1 0 |2 ddc |4 0 |6 339_076000000000000_NG527V |7 0 |8 300 |9 75137 |a qbu |b qbu |c D2 |d 2015-05-10 |g 53900 |o 339.076 NG527V |p 9211.c7 |r 0000-00-00 |w 2015-05-10 |y STK0 | ||
| 952 | |0 0 |1 0 |2 ddc |4 0 |6 339_076000000000000_NG527V |7 0 |8 300 |9 75138 |a qbu |b qbu |c D2 |d 2015-05-10 |g 53900 |l 3 |m 1 |o 339.076 NG527V |p 9211.c8 |r 2019-06-11 |s 2019-05-29 |w 2015-05-10 |y STK0 | ||
| 952 | |0 0 |1 0 |2 ddc |4 0 |6 339_076000000000000_NG527V |7 0 |8 300 |9 75139 |a qbu |b qbu |c D2 |d 2015-05-10 |g 53900 |o 339.076 NG527V |p 9211.c9 |r 0000-00-00 |w 2015-05-10 |y STK0 | ||
| 952 | |0 0 |1 0 |2 ddc |4 0 |6 339_076000000000000_NG527V |7 0 |8 300 |9 75140 |a qbu |b qbu |c D2 |d 2015-05-10 |g 53900 |o 339.076 NG527V |p 9211.c10 |r 0000-00-00 |w 2015-05-10 |y STK0 | ||
| 952 | |0 0 |1 0 |2 ddc |4 0 |6 339_076000000000000_NG527V |7 0 |8 300 |9 75141 |a qbu |b qbu |c D2 |d 2015-05-10 |g 53900 |l 1 |o 339.076 NG527V |p 9211.c11 |r 2020-06-25 |s 2020-06-16 |w 2015-05-10 |y STK0 | ||
| 952 | |0 0 |1 0 |2 ddc |4 0 |6 339_076000000000000_NG527V |7 0 |8 300 |9 75142 |a qbu |b qbu |c D2 |d 2015-05-10 |g 53900 |l 1 |m 1 |o 339.076 NG527V |p 9211.c12 |r 2018-02-09 |s 2017-10-16 |w 2015-05-10 |y STK0 | ||
| 952 | |0 0 |1 0 |2 ddc |4 0 |6 339_076000000000000_NG527V |7 0 |8 300 |9 75143 |a qbu |b qbu |c D2 |d 2015-05-10 |g 53900 |l 3 |m 1 |o 339.076 NG527V |p 9211.c13 |r 2017-06-09 |s 2017-05-25 |w 2015-05-10 |y STK0 | ||
| 952 | |0 0 |1 0 |2 ddc |4 0 |6 339_076000000000000_NG527V |7 0 |8 300 |9 75144 |a qbu |b qbu |c D2 |d 2015-05-10 |g 53900 |o 339.076 NG527V |p 9211.c14 |r 0000-00-00 |w 2015-05-10 |y STK0 | ||
| 952 | |0 0 |1 0 |2 ddc |4 0 |6 339_076000000000000_NG527V |7 0 |8 300 |9 75145 |a qbu |b qbu |c D2 |d 2015-05-10 |g 53900 |l 4 |m 4 |o 339.076 NG527V |p 9211.c15 |r 2016-07-12 |s 2016-06-06 |w 2015-05-10 |y STK0 | ||